| 000 | 01229naa a22003377a 4500 | ||
|---|---|---|---|
| 001 | BR7906042 | ||
| 003 | BR-BrBNA | ||
| 005 | 20240918174436.0 | ||
| 007 | ta | ||
| 008 | 230509b bl.||||| |||| 00| 0 por d | ||
| 040 |
_aBR-BrBNA _bpor _cBiblioteca Nacional de Agricultura |
||
| 041 | _a(Pt) | ||
| 072 |
_aK50 _b3240 _b8919 _bG514 |
||
| 090 | _aK50 BR7906042 | ||
| 100 | 1 | _aKato, J. | |
| 100 | 1 | _aFoelkel, C.E.B. | |
| 100 | 1 | _aRosa, V.V. | |
| 100 | 1 | _aTerra, J.C. | |
| 111 | 1 |
_a12. Congresso Anual da Associacao Tecnica Brasileira de Celulose e Papel; Semana do Papel _cSao Paulo, SP (Brazil) _d26 Nov 1979 |
|
| 245 | 1 | _aInfluencia da secagem sobre as caracteristicas da celulose kraft branqueada de eucalipto [Eucalyptus spp.; Papel; Brasil] | |
| 260 | 3 |
_aSao Paulo, SP (Brasil): _c1979. |
|
| 500 | _a12. Congresso Anual 1979. Trabalhos tecnicos Sao Paulo, SP (Brasil): 1979. p. 25-30 (BR7906042-AM)K50 | ||
| 650 | _aIndustria florestal | ||
| 650 | _aEucalipto | ||
| 650 | _aCelulose | ||
| 650 | _aPapel | ||
| 650 | _aSecagem | ||
| 773 | 0 |
_t12. Congresso Anual 1979. Trabalhos tecnicos _wK50 BR7906042 _gSao Paulo, SP (Brasil), 1979. p. 25-30 |
|
| 909 |
_a202404 _bLucia _c55 _dLucia Elande |
||
| 942 |
_cAM _2AGRIS |
||
| 999 |
_c311288 _d311288 |
||